| 000 | 00891cam a22003013a 4500 | ||
|---|---|---|---|
| 001 | 99 | ||
| 003 | PGUSA | ||
| 005 | 20140828082943.0 | ||
| 008 | 940101s1994||||xxu|||||s|||||000 e eng d | ||
| 040 |
_aPGUSA _beng |
||
| 042 | _adc | ||
| 050 | 4 | _aE660 | |
| 050 | 4 | _aE300 | |
| 100 | 1 |
_aDouglass, Frederick, _d1818-1895 |
|
| 245 | 1 | 0 |
_aCollected Articles of Frederick Douglass _h[electronic resource] / _cFrederick Douglass |
| 260 |
_bProject Gutenberg, _c1994 |
||
| 505 | 0 | _aMy escape from slavery -- Reconstruction. | |
| 506 | _aPublic domain in the USA. | ||
| 516 | _aElectronic text | ||
| 653 | _aEssays | ||
| 653 | _aReconstruction (U.S. history, 1865-1877) | ||
| 653 | _aSlavery | ||
| 653 | _aDouglass, Frederick, 1818-1895 | ||
| 653 | _aAfrican American abolitionists | ||
| 830 | 0 |
_aProject Gutenberg _v99 |
|
| 856 | 4 | 0 | _uhttp://www.gutenberg.org/ebooks/99 |
| 942 | _cEB | ||
| 999 |
_c229470 _d229470 |
||